000
00323nam a22001457a 4500
020
_a
978-81-264-5279-8
082
_a
920
_b
TEN/E
100
_a
TENDULKAR, SACHIN
245
_a
ANTE JEEVITHAKATHA
260
_a
KOTTAYAM
_b
DC BOOKS
_c
2017
300
_a
544
520
_a
AUTOBIOGRAPHY
650
_a
AUTOBIOGRAPHY
942
_c
BK
999
_c
5518
_d
5518